000362082 001__ 362082
000362082 005__ 20250925173121.0
000362082 0247_ $$aG:(BMBF)03ZU1115IA$$d03ZU1115IA
000362082 035__ $$aG:(BMBF)03ZU1115IA
000362082 150__ $$a
WASSERSTOFF: Wasserstoffperoxid und Methanol unter Nutzung von grünem Wasserstoff (HyInnoChem) - A
$$y2021-10-15 - 2024-10-14
000362082 450__ $$aBMBF 03ZU1115IA$$wd$$y2021-10-15 - 2024-10-14
000362082 5101_ $$0I:(DE-588b)5309538-8$$aBundesministerium für Bildung und Forschung$$bBMBF
000362082 8564_ $$u
https://foerderportal.bund.de/foekat/jsp/SucheAction.do?actionMode=view=03ZU1115IA
$$wb$$yHomepage
000362082 909CO $$ooai:publications.rwth-aachen.de:1017948$$pauthority$$pauthority:GRANT
000362082 909CO $$ooai:publications.rwth-aachen.de:1017948
000362082 980__ $$aG
000362082 980__ $$aAUTHORITY